Linear systems (Record no. 80730)

MARC details
000 -LEADER
fixed length control field 01338nam a2200241 a 4500
008 - FIXED-LENGTH DATA ELEMENTS--GENERAL INFORMATION
fixed length control field 190823s2006 ||||||||||||||||| || u
020 ## - INTERNATIONAL STANDARD BOOK NUMBER
International Standard Book Number 9780817644345
050 ## - LIBRARY OF CONGRESS CALL NUMBER
Classification number TJ 220 Ant
100 ## - MAIN ENTRY--PERSONAL NAME
Personal name Michel, Anthony N
245 10 - TITLE STATEMENT
Title Linear systems
Statement of responsibility, etc. By Panos J. Antsaklis ; Anthony N. Michel
260 ## - PUBLICATION, DISTRIBUTION, ETC.
Place of publication, distribution, etc. Boston
Name of publisher, distributor, etc. Birkhauser
Date of publication, distribution, etc. 2006
300 ## - PHYSICAL DESCRIPTION
Extent xviii, 670 pages : illustrations
350 ## -
-- 88.99
650 ## - SUBJECT ADDED ENTRY--TOPICAL TERM
Topical term or geographic name entry element LINEAR CONTROL SYSTEMS
650 #0 - SUBJECT ADDED ENTRY--TOPICAL TERM
Topical term or geographic name entry element SIGNAL PROCESSING
650 ## - SUBJECT ADDED ENTRY--TOPICAL TERM
Topical term or geographic name entry element CONTROL SYSTEMS
700 ## - ADDED ENTRY--PERSONAL NAME
Personal name Antsaklis, Panos J
995 ## -
-- MAIN LIBRARY OPEN ACCESS
-- 749927
-- CBU-MAIN LIBRARY (Kitwe)
-- 88.99
-- TJ 220 Ant
-- 1
-- AVAILABLE
-- Aug 27, 2019
-- 749927
-- Main Library Open Access Collection
995 ## -
-- MAIN LIBRARY OPEN ACCESS
-- 749928
-- CBU-MAIN LIBRARY (Kitwe)
-- 88.99
-- TJ 220 Ant
-- 2
-- AVAILABLE
-- Aug 27, 2019
-- 749928
-- Main Library Open Access Collection
995 ## -
-- MAIN LIBRARY OPEN ACCESS
-- 749930
-- CBU-MAIN LIBRARY (Kitwe)
-- 88.99
-- TJ 220 Ant
-- 4
-- AVAILABLE
-- Aug 27, 2019
-- 749930
-- Main Library Open Access Collection
995 ## -
-- SHORT LOAN BOOKS
-- 750066
-- CBU-MAIN LIBRARY (Kitwe)
-- 88.99
-- TJ 220 Ant
-- 5
-- AVAILABLE
-- Nov 26, 2019
-- 750066
-- Short Loan Collection
995 ## -
-- MAIN LIBRARY OPEN ACCESS
-- 749929
-- CBU-MAIN LIBRARY (Kitwe)
-- 88.99
-- TJ 220 Ant
-- 3
-- AVAILABLE
-- Aug 27, 2019
-- 749929
-- Main Library Open Access Collection
999 ## -
-- 80730
-- 80730

No items available.